00457nam a22001337a 4500082001200000100002800012245006600040260004300106300000800149650001700157942000700174952012500181999001700306 a232 ALI aAli,, Ahmed Abdel Wahab aThe Christ As an seen In The Sovrces Of The Christian Beliefs aDelhibNew Crescent Publishing Company a213 aJesus Christ cBK 00104070aHMIbHMId2016-04-11eHuda Book Distributors Hyderabadg60.00l0o232 ALIp24976r2016-04-11w2016-04-11yBK c20028d20028